Statistics for Wichita Lineman, Glen Campbell's hit - Lyrics

Click here to take the quiz!

General Stats

  • This quiz has been taken 37 times
  • The average score is 39 of 54

Answer Stats

lyrics% Correct
a
100%
for
100%
I
100%
line
100%
line
100%
lineman
100%
the
100%
am
97%
county
97%
Wichita
97%
and
93%
is
86%
on
86%
all
83%
drive
83%
road
83%
still
83%
time
83%
you
83%
than
79%
main
76%
more
76%
need
76%
want
76%
another
72%
in
72%
but
69%
can
69%
it
69%
overload
69%
vacation
69%
down
66%
hear
66%
know
66%
Searchin'
66%
don't
62%
if
62%
like
62%
wire
62%
look
59%
rain
59%
singin'
59%
small
59%
sun
55%
snows
52%
stand
52%
ever
48%
through
48%
south
45%
strain
41%
stretch
41%
that
41%
whine
41%
won't
41%

Score Distribution

Percentile by Number Answered

Percent of People with Each Score

Your Score History

You have not taken this quiz